Представление документа в формате RUSMARC

ПолеНазваниеЗначение
  Тип записи a
  Библиографический уровень m
001 Контрольный номер RU/SLIB/B/208718959
005 Дата корректировки 20201206203937.8
010 Индекс ISBN __
d Цена 4-52
101 Язык документа __
a Язык текста rus
200 Заглавие и сведения об ответственности 0_
a Заглавие Основы общей химии
e Сведения, относящиеся к заглавию монография
f Первые сведения об ответственности Некрасов Б. В.
b Общее обозначение материала Текст
h Номер части Т. 2
205 Сведения об издании __
a Основные сведения об издании 3-е изд., испр. и доп.
210 Выходные данные __
a Место издания М.
c Издательство Химия
d Дата издания 1973
215 Физическое описание __
a Объем 688 с.
c Иллюстрации/тип воспроизводства ил.
320 Библиография __
a Библиография Имен.указ.: с. 603-604. - Предм. указ.: с. 605-688
606 Тематические рубрики __
a Основная рубрика Химия
606 Тематические рубрики __
a Основная рубрика Общая и неорганическая химия в целом
610 Ключевые слова __
a Ключевые слова атомно-молекулярное учение; вода; водород; воздух; кислород; общая химия; периодический закон; химические растворы; строение вещества
686 Индексы других классификаций __
a Классификационный индекс 24.1
700 Автор _1
a Фамилия Некрасов
b Имя Б. В.
4 Код отношения 070
801 Источник записи _0
a Страна RU
b Организация Муниципальное бюджетное учреждение культуры "Централизованная библиотечная система" г. Сургут (Центральная городская библиотека им. А. С. Пушкина)
g Правила каталогизации К/Кундохова В.С.
801 Источник записи _1
a Страна RU
b Организация Муниципальное бюджетное учреждение культуры "Централизованная библиотечная система" г. Сургут (Центральная городская библиотека им. А. С. Пушкина)
g Правила каталогизации К/Кундохова В.С.
852 Данные о местонахождении __
j Шифр хранения 24.1
c Каталожный индекс 24.1
i Авторский знак Н 48
p Инвентарный номер 22005(с)
901 Тип документа __
t Тип документа m
990 Данные о заказе (DOS) __
j Количество экземпляров (DOS) 1